Danny the Champion of the World (Record no. 49068)
| 000 -LEADER | |
|---|---|
| fixed length control field | 00416nam a22001217a 4500 |
| 008 - FIXED-LENGTH DATA ELEMENTS--GENERAL INFORMATION | |
| fixed length control field | 250729b |||||||| |||| 00| 0 eng d |
| 020 ## - INTERNATIONAL STANDARD BOOK NUMBER | |
| International Standard Book Number | 9780141371375 |
| 100 ## - MAIN ENTRY--PERSONAL NAME | |
| Personal name | Roald Dahl (Author) |
| 9 (RLIN) | 86430 |
| 245 ## - TITLE STATEMENT | |
| Title | Danny the Champion of the World |
| 260 ## - PUBLICATION, DISTRIBUTION, ETC. (IMPRINT) | |
| Place of publication, distribution, etc | UK, USA, Canada, Ireland, Australia, India, New Zealand and South Africa |
| Name of publisher, distributor, etc | Puffin |
| Date of publication, distribution, etc | 1977 |
| 300 ## - PHYSICAL DESCRIPTION | |
| Extent | 213 pages |
| Other physical details | col. ill. |
| Dimensions | 0.04 x 0.04 x 0.04 inches |
| 942 ## - ADDED ENTRY ELEMENTS (KOHA) | |
| Source of classification or shelving scheme | |
| Withdrawn status | Lost status | Source of classification or shelving scheme | Damaged status | Not for loan | Collection code | Home library | Current library | Date acquired | Total Checkouts | Full call number | Barcode | Date last seen | Price effective from | Koha item type |
|---|---|---|---|---|---|---|---|---|---|---|---|---|---|---|
| Siem Reap | Asian Hope Siem Reap | Asian Hope Siem Reap | 07/29/2025 | FIC ROA | 209081 | 07/29/2025 | 07/29/2025 | Book |